The Only Two Capitals... - Statistics

General Stats
  • This quiz has been taken 36,140 times
  • The average score is 15 of 20
Answer Stats
The only two capitals ... Capitals % Correct
mentioned in the Old Testament Damascus | Jerusalem
92%
that are also a capital of the EU Brussels | Luxembourg
90%
named for a U.S. president Washington DC | Monrovia
90%
on the Pacific Coast of North or South America Lima | Panama City
88%
starting with S and in South America Santiago | Sucre
84%
with a latitude above 60° N Reykjavík | Helsinki
83%
starting with T and in Europe Tallinn | Tirana
83%
that had a population over 300,000 in the year 1500 AD Beijing | Cairo
82%
on an island in the Mediterranean Sea Nicosia | Valletta
79%
in the foothills of the Himalayas Kathmandu | Thimphu
76%
below sea level Baku | Amsterdam
73%
located on the Río de la Plata Buenos Aires | Montevideo
73%
not within 2000 km of any other capital Canberra | Wellington
73%
more than 400km away from an international border or the sea Brasilia | Moscow
71%
ending in "ville" Brazzaville | Libreville
71%
on the the same island as another national capital Port-au-Prince | Santo Domingo
70%
with five or fewer letters, two of which are O Oslo | Tokyo
67%
ending in the letters "est" Bucharest | Budapest
66%
on the Mekong River Vientiane | Phnom Penh
61%
that border another capital city Rome | Vatican City
60%
No matching quizzes found
Score Distribution
Percent of People with Each Score
Percentile by Number Answered
Your Score History
You have not taken this quiz